000
00301nam a2200109Ia 4500
008
220204s9999 xx 000 0 und d
082
_a
621.315.2
_b
HES
100
_a
Hess, L Y
245
0
_a
Insulation guide for buildings and industrial processes
260
_a
New Jersey
_b
Noyes Data
_c
1979
942
_c
BK
999
_c
34632
_d
34632